000 01041nam a22002537a 4500
005 20170124102933.0
010 B _aB-000608
020 _c150.00
_a8186304150
035 _aB-000608
037 _bCen Lib/Ret
040 _aDPL
_bHN
082 _a820.8
_bवेदप्र
100 _aवेदप्रकाश अमिताभ
_945744
245 _aरामदरश मिश्र :
_cवेदप्रकाश अमिताभ
_bरचना समय /
246 _aRamdarsh Mishr : rachnna samay /
_bby Vedprakash Amitabh
260 _a दिल्ली
_bभारत पुस्तक भंडार
_c1999
270 _b दिल्ली
_a343ई, सोनिया विहार
_e110094
300 _a160पृ.
_c20सेमी(सजिल्द )
650 _aहिंदी साहित्य
_x
_z
_945745
650 _v
_aजीवनी
_9102
650 _aHindi litarature
_945746
650 _aBiography
_97490
942 _2ddc
_cHN
_h820.8
_mवेदप्र
999 _c112071
_d112071